[Event "FICGS class E 000120 email"]
[Site "FICGS email"]
[Date "2010.03.16"]
[Round "1"]
[White "Neil, Charles"]
[Black "Willis, Jonathan"]
[Result "1-0"]
[WhiteElo "1256"]
[BlackElo "1253"]
[PlyCount "61"]
[EventDate "2010.??.??"]
[EventType "tourn (corr)"]
[EventRounds "1"]
[SourceTitle "Corr 2013"]
[Source "ChessBase"]
[SourceDate "2012.11.12"]
[SourceVersion "1"]
[SourceVersionDate "2012.11.12"]
[SourceQuality "1"]

1. e4 c5 2. Nf3 Nf6 3. e5 Ne4 4. d4 Qa5+ 5. c3 Qb6 6. Bd3 d5 7. Nbd2 Bg4 8. h3 Bxf3 9. Qxf3 cxd4 10. Nxe4 dxe4 11. Bxe4 e6 12. 0-0 Be7 13. Bxb7 Nd7 14. Bxa8 0-0 15. Be4 Nxe5 16. Qe2 g6 17. cxd4 Qxd4 18. Bh6 Rd8 19. Rfd1 Qb4 20. Rxd8+ Bxd8 21. Rd1 Be7 22. b3 f5 23. Bb1 Bf6 24. Qa6 Be7 25. Qc8+ Kf7 26. Qc7 Qb5 27. Qxa7 Kf6 28. h4 Ng4 29. Bg5+ Kf7 30. Qxe7+ Kg8 31. Rd8+ 1-0

[Event "FICGS class E 000116 email"]
[Site "FICGS email"]
[Date "2009.12.15"]
[Round "1"]
[White "Quanter, Kirsty"]
[Black "Willis, Jonathan"]
[Result "1-0"]
[WhiteElo "1400"]
[BlackElo "1324"]
[PlyCount "65"]
[EventDate "2009.??.??"]
[EventType "tourn (corr)"]
[EventRounds "5"]
[SourceTitle "Corr 2022"]
[Source "ChessBase"]
[SourceDate "2021.10.24"]
[SourceVersion "1"]
[SourceVersionDate "2021.10.24"]
[SourceQuality "1"]

1. e4 Nc6 2. d4 e5 3. dxe5 Nxe5 4. f4 Ng6 5. f5 Ne5 6. Be3 Nf6 7. Nc3 Bb4 8. Nge2 0-0 9. a3 Ba5 10. b4 Bb6 11. Bxb6 axb6 12. Nf4 c5 13. Ncd5 Nxe4 14. bxc5 bxc5 15. Bd3 Qa5+ 16. Kf1 d6 17. Bxe4 Bd7 18. Rb1 b5 19. Ne7+ Kh8 20. Bxa8 Qxa8 21. Qxd6 Qe4 22. Qd2 b4 23. Re1 Qc4+ 24. Re2 bxa3 25. g3 Bb5 26. Ke1 Nf3+ 27. Kf2 Nxd2 28. Rxd2 Re8 29. Re1 Qc3 30. Rdd1 Qxc2+ 31. Kf3 Rxe7 32. Rd8+ Be8 33. Rxe8+ 1-0

[Event "FICGS class E 000115 email"]
[Site "FICGS email"]
[Date "2009.11.08"]
[Round "1"]
[White "Harper, Dave"]
[Black "Willis, Jonathan"]
[Result "0-1"]
[WhiteElo "1234"]
[BlackElo "1324"]
[PlyCount "52"]
[EventDate "2009.??.??"]
[EventType "tourn (corr)"]
[EventRounds "5"]
[SourceTitle "Corr 2022"]
[Source "ChessBase"]
[SourceDate "2021.10.24"]
[SourceVersion "1"]
[SourceVersionDate "2021.10.24"]
[SourceQuality "1"]

1. e4 d5 2. exd5 Qxd5 3. Nc3 Qe5+ 4. Qe2 Qxe2+ 5. Bxe2 e5 6. d3 Be7 7. Nf3 Bd7 8. 0-0 Nc6 9. Be3 0-0-0 10. a3 Bf6 11. Rad1 Nge7 12. b4 Nf5 13. Nd5 Nxe3 14. Nxe3 h5 15. Nd5 h4 16. Nxf6 gxf6 17. Rfe1 Rhg8 18. Nxh4 Nd4 19. Rc1 Nf5 20. Nxf5 Bxf5 21. Kf1 Rd4 22. Red1 e4 23. Rd2 e3 24. fxe3 Rh4 25. Bf3 Rxh2 26. e4 Rh1+ 0-1

[Event "FICGS class E 000115 email"]
[Site "FICGS email"]
[Date "2009.11.08"]
[Round "1"]
[White "Willis, Jonathan"]
[Black "Quanter, Kirsty"]
[Result "0-1"]
[WhiteElo "1324"]
[BlackElo "1400"]
[PlyCount "56"]
[EventDate "2009.??.??"]
[EventType "tourn (corr)"]
[EventRounds "5"]
[SourceTitle "Corr 2022"]
[Source "ChessBase"]
[SourceDate "2021.10.24"]
[SourceVersion "1"]
[SourceVersionDate "2021.10.24"]
[SourceQuality "1"]

1. e4 e5 2. Bc4 c6 3. Nf3 f6 4. d4 Bb4+ 5. c3 d5 6. exd5 cxd5 7. 0-0 Ne7 8. cxb4 dxc4 9. b3 cxb3 10. Qxb3 Bg4 11. Nbd2 Bxf3 12. Nxf3 exd4 13. Re1 b5 14. Bf4 Nbc6 15. Nh4 g5 16. Nf5 gxf4 17. Ng7+ Kd7 18. Qe6+ Kc7 19. Rac1 Qd5 20. Qxe7+ Kb6 21. Qxf6 Rac8 22. Re6 d3 23. Rcxc6+ Rxc6 24. Rxc6+ Qxc6 25. Qd4+ Ka6 26. Qb2 Rd8 27. Qd2 Qf6 28. Nh5 Qa1+ 0-1

[Event "IECG Q3.2000.0.00076"]
[Site "IECG email"]
[Date "2000.06.10"]
[Round "?"]
[White "Marcus, Frank"]
[Black "Willis, Jonathan"]
[Result "1-0"]
[WhiteElo "1300"]
[BlackElo "1000"]
[PlyCount "31"]
[EventDate "2000.06.10"]
[EventType "tourn (corr)"]
[EventRounds "6"]
[SourceTitle "Corr 2008"]
[Source "ChessBase"]
[SourceDate "2008.06.24"]
[SourceVersion "1"]
[SourceVersionDate "2008.06.24"]
[SourceQuality "1"]

1. c4 e5 2. d3 Nf6 3. Nc3 Nc6 4. e4 Bb4 5. Bd2 d6 6. Nf3 0-0 7. h3 a6 8. Be2 h6 9. Nd5 Bxd2+ 10. Qxd2 Nxd5 11. cxd5 Ne7 12. Qc3 Bd7 13. Rc1 c5 14. 0-0 Ng6 15. b4 Nf4 16. Rfe1 1-0